00494nmm a2200157Ia 4500008004100000020001800041041000800059100001800067245007700085264005800162300001800220650002300238856005100261942000700312999001700319251105s9999||||xx |||||||||||||||||und|| a9789875914186 aspa aBalzi, Carlos 0aFísica y política del autómata : los avatares del hombre-máquina a[Buenos Aires, Argentina] :bEditorial Brujas, c2014 a214 páginas aPhilosophy, Ethics uhttps://public.digitaliapublishing.com/a/35411 cCF c97486d97486